[Event "SVK-chT2B 0607"]
[Site "Slovakia"]
[Date "2007.02.03"]
[Round "8.1"]
[White "Marcek, Stefan"]
[Black "Sykora, Peter"]
[Result "0-1"]
[WhiteElo "1579"]
[BlackElo "1753"]
[PlyCount "46"]
[EventDate "2006.10.14"]
[EventType "team-tourn"]
[EventRounds "11"]
[EventCountry "SVK"]
[SourceTitle "EXT 2008"]
[Source "ChessBase"]
[SourceDate "2007.11.25"]
[SourceVersion "1"]
[SourceVersionDate "2007.11.25"]
[SourceQuality "1"]
[WhiteTeam "Povazska Bystrica II"]
[BlackTeam "Povazska Bystrica"]
[WhiteTeamCountry "SVK"]
[BlackTeamCountry "SVK"]

1. e4 e6 2. d4 d5 3. Nc3 Nf6 4. Bg5 Be7 5. e5 Nfd7 6. Bxe7 Qxe7 7. Nf3 0-0 8. Nb5 a6 9. Nxc7 Ra7 10. Bd3 f5 11. exf6 Nxf6 12. Nxe6 Qxe6+ 13. Ne5 Nc6 14. f4 Nxd4 15. 0-0 Qb6 16. Kh1 Bf5 17. Bxf5 Nxf5 18. Qd3 Ne3 19. Rf3 Neg4 20. Nxg4 Nxg4 21. Qxd5+ Kh8 22. Rb3 Nf2+ 23. Kg1 Nh3+ 0-1

[Event "SVK-Cup14 sf4 corr"]
[Site "Slovakia"]
[Date "2005.??.??"]
[Round "?"]
[White "Voros, Jan"]
[Black "Marcek, Stefan"]
[Result "1-0"]
[WhiteElo "1863"]
[BlackElo "1971"]
[PlyCount "59"]
[EventDate "2005.04.01"]
[EventType "tourn (corr)"]
[EventRounds "6"]
[EventCountry "SVK"]
[SourceTitle "Corr 2008"]
[Source "ChessBase"]
[SourceDate "2008.06.24"]
[SourceVersion "1"]
[SourceVersionDate "2008.06.24"]
[SourceQuality "1"]

1. e4 e5 2. Nf3 Nc6 3. Bb5 a6 4. Ba4 Nf6 5. 0-0 Be7 6. Re1 b5 7. Bb3 0-0 8. Nc3 Bb7 9. d3 d6 10. a3 Na5 11. Ba2 c5 12. b4 cxb4 13. axb4 Qc8 14. Qd2 Nc6 15. Nd5 Nxd5 16. Bxd5 Nd8 17. Bxb7 Qxb7 18. c3 Ne6 19. d4 Rfc8 20. Ra3 exd4 21. Nxd4 Nxd4 22. Qxd4 Bf6 23. Qd3 Rc4 24. Bd2 Rac8 25. f3 R8c6 26. Rea1 Qc8 27. Be1 Be5 28. Rd1 Kf8 29. Rda1 Rxc3 30. Bxc3 1-0

[Event "SVK-Cup13 fin email"]
[Site "Slovakia"]
[Date "2004.??.??"]
[Round "37"]
[White "Marcek, Stefan"]
[Black "Nagy, Peter"]
[Result "1/2-1/2"]
[WhiteElo "1994"]
[BlackElo "1951"]
[PlyCount "78"]
[EventDate "2003.??.??"]
[EventType "tourn (corr)"]
[EventRounds "14"]
[EventCountry "SVK"]
[SourceTitle "Corr 2006"]
[Source "ChessBase"]
[SourceDate "2006.04.01"]
[SourceVersion "3"]
[SourceVersionDate "2006.04.01"]
[SourceQuality "1"]

1. Nc3 Nf6 2. e4 e5 3. Bc4 Nc6 4. d3 Bb4 5. Bg5 h6 6. Bxf6 Bxc3+ 7. bxc3 Qxf6 8. Ne2 d6 9. 0-0 0-0 10. d4 Na5 11. Bb3 Bg4 12. f3 Be6 13. Qd3 c5 14. Bxe6 Qxe6 15. Ng3 cxd4 16. cxd4 Rac8 17. Nf5 Nc4 18. Rab1 Rc7 19. f4 f6 20. Rb4 Rfc8 21. fxe5 fxe5 22. Qb3 b6 23. d5 Qd7 24. Qd3 Kh7 25. Rf3 b5 26. Rb3 Rf8 27. Rh3 Qc8 28. Rxb5 Qa6 29. Rb3 Qxa2 30. Qc3 Rf6 31. Rb8 Qa6 32. Rb1 Qc8 33. Qd3 a5 34. g4 a4 35. g5 Rg6 36. Rg3 a3 37. gxh6 Rxg3+ 38. Qxg3 gxh6 39. Kh1 Qg8 1/2-1/2

[Event "SVK-Cup13 fin email"]
[Site "Slovakia"]
[Date "2003.10.01"]
[Round "86"]
[White "Marcek, Stefan"]
[Black "Lipcak, Norbert"]
[Result "1-0"]
[WhiteElo "1994"]
[BlackElo "2174"]
[PlyCount "75"]
[EventDate "2003.??.??"]
[EventType "tourn (corr)"]
[EventRounds "14"]
[EventCountry "SVK"]
[SourceTitle "Corr 2006"]
[Source "ChessBase"]
[SourceDate "2006.04.01"]
[SourceVersion "3"]
[SourceVersionDate "2006.04.01"]
[SourceQuality "1"]

1. d4 Nf6 2. c4 c5 3. d5 d6 4. Nc3 g6 5. e4 Bg7 6. Be2 0-0 7. Bg5 Na6 8. Qd2 Nc7 9. Nf3 a6 10. a4 Ng4 11. h3 Ne5 12. Nxe5 Bxe5 13. 0-0 Rb8 14. Bh6 Re8 15. Rfe1 b6 16. Bd3 e6 17. Bg5 Qd7 18. Bf4 Bxf4 19. Qxf4 e5 20. Qd2 Qe7 21. Ne2 Bd7 22. Ng3 Kg7 23. Ra3 h6 24. Bc2 Qg5 25. Qe2 Kh8 26. Nf1 Rf8 27. Rg3 Qf4 28. Nd2 Kh7 29. Rf3 Qg5 30. Nf1 Ne8 31. Qe3 Ng7 32. Qxg5 hxg5 33. Ra3 f5 34. Rb1 Nh5 35. exf5 gxf5 36. Ng3 Nxg3 37. Rxg3 Kh6 38. Bd1 1-0

[Event "SVK-ch 1st G5 email"]
[Site "Slovakia"]
[Date "2001.??.??"]
[Round "?"]
[White "Heinrich, Jan"]
[Black "Marcek, Stefan"]
[Result "1/2-1/2"]
[WhiteElo "2220"]
[BlackElo "1927"]
[PlyCount "81"]
[EventDate "2001.??.??"]
[EventType "tourn (corr)"]
[EventRounds "6"]
[EventCountry "SVK"]
[SourceTitle "Corr 2002"]
[Source "ChessBase"]
[SourceDate "2002.05.23"]
[SourceVersion "1"]
[SourceVersionDate "2002.05.23"]
[SourceQuality "1"]

1. d4 Nf6 2. Nf3 e6 3. g3 d5 4. c4 dxc4 5. Qa4+ Nbd7 6. Qxc4 c5 7. dxc5 Bxc5 8. Bg2 Qc7 9. Nbd2 0-0 10. 0-0 Nb6 11. Qh4 Rd8 12. a3 Be7 13. Qf4 Bd6 14. Qh4 Bd7 15. b3 Rac8 16. Bb2 e5 17. Rac1 Bc6 18. e3 Qe7 19. b4 Bb5 20. Rfe1 Bd3 21. Bf1 Bc2 22. Nc4 Nxc4 23. Bxc4 Bg6 24. Bb3 Kh8 25. Qh3 Rxc1 26. Rxc1 Bc7 27. Qf1 Bd3 28. Qe1 Bb8 29. Qc3 Ne4 30. Qe1 Qf6 31. Kg2 Kg8 32. Bc4 Ng5 33. Nxg5 Qc6+ 34. f3 Bxc4 35. Rd1 Rd3 36. Rxd3 Bxd3 37. Qc3 Qd7 38. Ne4 b6 39. Nf2 Ba6 40. Qc2 Qe6 41. Bc1 1/2-1/2

[Event "PSG G1 email"]
[Site "Slovakia"]
[Date "2000.??.??"]
[Round "?"]
[White "Strba, Jan"]
[Black "Marcek, Stefan"]
[Result "0-1"]
[WhiteElo "1300"]
[BlackElo "1736"]
[PlyCount "72"]
[EventDate "2000.??.??"]
[EventType "tourn (corr)"]
[EventRounds "6"]
[EventCountry "SVK"]
[SourceTitle "Corr 2002"]
[Source "ChessBase"]
[SourceDate "2002.05.23"]
[SourceVersion "1"]
[SourceVersionDate "2002.05.23"]
[SourceQuality "1"]

1. e4 c5 2. Nf3 Nc6 3. Nc3 g6 4. d4 cxd4 5. Nxd4 Bg7 6. Be3 Nf6 7. Bc4 0-0 8. 0-0 Nxe4 9. Nxe4 d5 10. Bb5 Nxd4 11. Bxd4 dxe4 12. Bxg7 Qxd1 13. Rfxd1 Kxg7 14. c4 a6 15. Ba4 Be6 16. b3 Rad8 17. Re1 Rd4 18. Rad1 Rd3 19. Ra1 f5 20. f3 e3 21. Rad1 Rxd1 22. Rxd1 Rb8 23. c5 Kf6 24. g3 Rc8 25. b4 Bxa2 26. Rd3 a5 27. bxa5 e2 28. Re3 Rxc5 29. Rxe2 Bd5 30. f4 Rxa5 31. Bd7 b5 32. Rb2 Bc4 33. Kf2 e5 34. fxe5+ Kxe5 35. Ke3 Kd6 36. Be8 Kc5 0-1